<?xml version="1.0" encoding="UTF-8"?><marc:collection xmlns:marc="http://www.loc.gov/MARC21/slim">
  <marc:record>
    <marc:leader>04173nas a2200709 c 4500</marc:leader>
    <marc:controlfield tag="001">010003266</marc:controlfield>
    <marc:controlfield tag="003">DE-101</marc:controlfield>
    <marc:controlfield tag="005">20250903080648.0</marc:controlfield>
    <marc:controlfield tag="007">tu</marc:controlfield>
    <marc:controlfield tag="008">991118d18861977xx z||p|  ||| 0||||1ger c</marc:controlfield>
    <marc:datafield tag="016" ind1="7" ind2=" ">
      <marc:subfield code="2">DE-600</marc:subfield>
      <marc:subfield code="a">393-1</marc:subfield>
    </marc:datafield>
    <marc:datafield tag="016" ind1="7" ind2=" ">
      <marc:subfield code="2">DE-101</marc:subfield>
      <marc:subfield code="a">010003266</marc:subfield>
    </marc:datafield>
    <marc:datafield tag="022" ind1=" " ind2=" ">
      <marc:subfield code="a">0002-5984</marc:subfield>
    </marc:datafield>
    <marc:datafield tag="022" ind1=" " ind2=" ">
      <marc:subfield code="a">0002-5984</marc:subfield>
      <marc:subfield code="2">6</marc:subfield>
    </marc:datafield>
    <marc:datafield tag="022" ind1=" " ind2=" ">
      <marc:subfield code="a">2510-8123</marc:subfield>
      <marc:subfield code="2">6</marc:subfield>
    </marc:datafield>
    <marc:datafield tag="035" ind1=" " ind2=" ">
      <marc:subfield code="a">(DE-599)ZDB393-1</marc:subfield>
    </marc:datafield>
    <marc:datafield tag="035" ind1=" " ind2=" ">
      <marc:subfield code="a">(OCoLC)1367271622</marc:subfield>
    </marc:datafield>
    <marc:datafield tag="040" ind1=" " ind2=" ">
      <marc:subfield code="a">9001</marc:subfield>
      <marc:subfield code="b">ger</marc:subfield>
      <marc:subfield code="c">DE-101</marc:subfield>
      <marc:subfield code="d">0020</marc:subfield>
    </marc:datafield>
    <marc:datafield tag="041" ind1=" " ind2=" ">
      <marc:subfield code="a">ger</marc:subfield>
    </marc:datafield>
    <marc:datafield tag="042" ind1=" " ind2=" ">
      <marc:subfield code="a">zdb</marc:subfield>
    </marc:datafield>
    <marc:datafield tag="044" ind1=" " ind2=" ">
      <marc:subfield code="c">XA-DXDE</marc:subfield>
      <marc:subfield code="c">XA-DE</marc:subfield>
    </marc:datafield>
    <marc:datafield tag="082" ind1="7" ind2="4">
      <marc:subfield code="a">670</marc:subfield>
      <marc:subfield code="q">DE-101</marc:subfield>
      <marc:subfield code="2">22sdnb</marc:subfield>
    </marc:datafield>
    <marc:datafield tag="083" ind1="7" ind2=" ">
      <marc:subfield code="a">670</marc:subfield>
      <marc:subfield code="q">DE-600</marc:subfield>
      <marc:subfield code="2">22sdnb</marc:subfield>
    </marc:datafield>
    <marc:datafield tag="084" ind1=" " ind2=" ">
      <marc:subfield code="a">950</marc:subfield>
      <marc:subfield code="a">560</marc:subfield>
      <marc:subfield code="2">rpb</marc:subfield>
    </marc:datafield>
    <marc:datafield tag="084" ind1=" " ind2=" ">
      <marc:subfield code="a">AN 10100</marc:subfield>
      <marc:subfield code="2">rvk</marc:subfield>
    </marc:datafield>
    <marc:datafield tag="084" ind1=" " ind2=" ">
      <marc:subfield code="a">IND 980z</marc:subfield>
      <marc:subfield code="2">stub</marc:subfield>
    </marc:datafield>
    <marc:datafield tag="222" ind1=" " ind2="0">
      <marc:subfield code="a">Allgemeiner Anzeiger für Buchbindereien</marc:subfield>
    </marc:datafield>
    <marc:datafield tag="222" ind1=" " ind2="0">
      <marc:subfield code="a">Allgemeiner Anzeiger für Buchbindereien</marc:subfield>
      <marc:subfield code="b">1886</marc:subfield>
    </marc:datafield>
    <marc:datafield tag="245" ind1="0" ind2="0">
      <marc:subfield code="a">Allgemeiner Anzeiger für Buchbindereien</marc:subfield>
      <marc:subfield code="b">AAB ; Mitteilungsblatt der Deutschen Fachorganisationen des Buchbindereigewerbes</marc:subfield>
    </marc:datafield>
    <marc:datafield tag="246" ind1="3" ind2=" ">
      <marc:subfield code="a">AAB</marc:subfield>
    </marc:datafield>
    <marc:datafield tag="246" ind1="3" ind2=" ">
      <marc:subfield code="a">Mitteilungsblatt der Deutschen Fachorganisationen des Buchbindereigewerbes</marc:subfield>
    </marc:datafield>
    <marc:datafield tag="264" ind1="3" ind2="1">
      <marc:subfield code="a">Hannover</marc:subfield>
      <marc:subfield code="b">Schlüter</marc:subfield>
      <marc:subfield code="c">1886-1977</marc:subfield>
    </marc:datafield>
    <marc:datafield tag="336" ind1=" " ind2=" ">
      <marc:subfield code="a">Text</marc:subfield>
      <marc:subfield code="b">txt</marc:subfield>
      <marc:subfield code="2">rdacontent</marc:subfield>
    </marc:datafield>
    <marc:datafield tag="337" ind1=" " ind2=" ">
      <marc:subfield code="a">ohne Hilfsmittel zu benutzen</marc:subfield>
      <marc:subfield code="b">n</marc:subfield>
      <marc:subfield code="2">rdamedia</marc:subfield>
    </marc:datafield>
    <marc:datafield tag="338" ind1=" " ind2=" ">
      <marc:subfield code="a">Band</marc:subfield>
      <marc:subfield code="b">nc</marc:subfield>
      <marc:subfield code="2">rdacarrier</marc:subfield>
    </marc:datafield>
    <marc:datafield tag="362" ind1="0" ind2=" ">
      <marc:subfield code="a">1.1886 - 51.1936; 60.1947 - 90.1977,4</marc:subfield>
    </marc:datafield>
    <marc:datafield tag="363" ind1="0" ind2="0">
      <marc:subfield code="8">1.1\x</marc:subfield>
      <marc:subfield code="a">1</marc:subfield>
      <marc:subfield code="i">1886</marc:subfield>
    </marc:datafield>
    <marc:datafield tag="363" ind1="1" ind2="0">
      <marc:subfield code="8">1.2\x</marc:subfield>
      <marc:subfield code="a">51</marc:subfield>
      <marc:subfield code="i">1936</marc:subfield>
    </marc:datafield>
    <marc:datafield tag="363" ind1="0" ind2="0">
      <marc:subfield code="8">2.1\x</marc:subfield>
      <marc:subfield code="a">60</marc:subfield>
      <marc:subfield code="i">1947</marc:subfield>
    </marc:datafield>
    <marc:datafield tag="363" ind1="1" ind2="0">
      <marc:subfield code="8">2.2\x</marc:subfield>
      <marc:subfield code="a">90</marc:subfield>
      <marc:subfield code="b">4</marc:subfield>
      <marc:subfield code="i">1977</marc:subfield>
    </marc:datafield>
    <marc:datafield tag="591" ind1=" " ind2=" ">
      <marc:subfield code="a">S!T!93!(Kopie)</marc:subfield>
    </marc:datafield>
    <marc:datafield tag="650" ind1=" " ind2="7">
      <marc:subfield code="0">(DE-588)4122967-8</marc:subfield>
      <marc:subfield code="0">https://d-nb.info/gnd/4122967-8</marc:subfield>
      <marc:subfield code="0">(DE-101)041229673</marc:subfield>
      <marc:subfield code="a">Buchbinderei</marc:subfield>
      <marc:subfield code="9">rswk-swf</marc:subfield>
      <marc:subfield code="2">gnd</marc:subfield>
    </marc:datafield>
    <marc:datafield tag="655" ind1=" " ind2="7">
      <marc:subfield code="0">(DE-588)4067488-5</marc:subfield>
      <marc:subfield code="0">https://d-nb.info/gnd/4067488-5</marc:subfield>
      <marc:subfield code="0">(DE-101)040674886</marc:subfield>
      <marc:subfield code="a">Zeitschrift</marc:subfield>
      <marc:subfield code="2">gnd-content</marc:subfield>
    </marc:datafield>
    <marc:datafield tag="689" ind1="0" ind2="0">
      <marc:subfield code="0">(DE-588)4122967-8</marc:subfield>
      <marc:subfield code="0">https://d-nb.info/gnd/4122967-8</marc:subfield>
      <marc:subfield code="0">(DE-101)041229673</marc:subfield>
      <marc:subfield code="D">s</marc:subfield>
      <marc:subfield code="a">Buchbinderei</marc:subfield>
    </marc:datafield>
    <marc:datafield tag="689" ind1="0" ind2=" ">
      <marc:subfield code="5">DE-600</marc:subfield>
      <marc:subfield code="5">DE-600</marc:subfield>
    </marc:datafield>
    <marc:datafield tag="770" ind1="0" ind2="8">
      <marc:subfield code="i">Supplement</marc:subfield>
      <marc:subfield code="t">&#152;Der&#156; Buchbinderlehrling</marc:subfield>
      <marc:subfield code="d">Stuttgart : Hettler, 1927-1944</marc:subfield>
      <marc:subfield code="w">(DE-600)129848-3</marc:subfield>
      <marc:subfield code="w">(DE-101)01074245X</marc:subfield>
    </marc:datafield>
    <marc:datafield tag="770" ind1="0" ind2="8">
      <marc:subfield code="i">Supplement</marc:subfield>
      <marc:subfield code="t">Kartonage und Papierverarbeitung</marc:subfield>
      <marc:subfield code="d">Stuttgart : Hettler, 1913-1944</marc:subfield>
      <marc:subfield code="w">(DE-600)129849-5</marc:subfield>
      <marc:subfield code="w">(DE-101)010742468</marc:subfield>
    </marc:datafield>
    <marc:datafield tag="770" ind1="0" ind2="8">
      <marc:subfield code="i">Supplement</marc:subfield>
      <marc:subfield code="t">Allgemeiner Anzeiger für Papier- und Schreibwarenhandel</marc:subfield>
      <marc:subfield code="d">Stuttgart : Hettler, 1906-1967</marc:subfield>
      <marc:subfield code="w">(DE-600)129850-1</marc:subfield>
      <marc:subfield code="w">(DE-101)010742476</marc:subfield>
    </marc:datafield>
    <marc:datafield tag="770" ind1="0" ind2="8">
      <marc:subfield code="i">Supplement</marc:subfield>
      <marc:subfield code="t">Buchbinderische Papierverarbeitung</marc:subfield>
      <marc:subfield code="d">Hannover : Schlüter, 1961-1967</marc:subfield>
      <marc:subfield code="w">(DE-600)129857-4</marc:subfield>
      <marc:subfield code="w">(DE-101)010742549</marc:subfield>
    </marc:datafield>
    <marc:datafield tag="770" ind1="0" ind2="8">
      <marc:subfield code="i">Supplement</marc:subfield>
      <marc:subfield code="t">Bilder-einrahmen und Graphik-Pflege</marc:subfield>
      <marc:subfield code="d">Hannover : Schlüter, 1950-1955</marc:subfield>
      <marc:subfield code="w">(DE-600)129854-9</marc:subfield>
      <marc:subfield code="w">(DE-101)010742514</marc:subfield>
    </marc:datafield>
    <marc:datafield tag="770" ind1="0" ind2="8">
      <marc:subfield code="i">Supplement</marc:subfield>
      <marc:subfield code="t">Bildereinrahmen</marc:subfield>
      <marc:subfield code="d">Stuttgart : [Verlag nicht ermittelbar], 1955-1966</marc:subfield>
      <marc:subfield code="w">(DE-600)129853-7</marc:subfield>
      <marc:subfield code="w">(DE-101)010742506</marc:subfield>
    </marc:datafield>
    <marc:datafield tag="770" ind1="0" ind2="8">
      <marc:subfield code="i">Supplement</marc:subfield>
      <marc:subfield code="t">Graphikpflege</marc:subfield>
      <marc:subfield code="d">Stuttgart : [Verlag nicht ermittelbar], 1955-1956</marc:subfield>
      <marc:subfield code="w">(DE-600)129852-5</marc:subfield>
      <marc:subfield code="w">(DE-101)010742492</marc:subfield>
    </marc:datafield>
    <marc:datafield tag="770" ind1="0" ind2="8">
      <marc:subfield code="i">Supplement</marc:subfield>
      <marc:subfield code="t">Einband- und Graphikpflege</marc:subfield>
      <marc:subfield code="d">Stuttgart : [Verlag nicht ermittelbar], 1957-1971</marc:subfield>
      <marc:subfield code="w">(DE-600)129851-3</marc:subfield>
      <marc:subfield code="w">(DE-101)010742484</marc:subfield>
    </marc:datafield>
    <marc:datafield tag="770" ind1="0" ind2="8">
      <marc:subfield code="i">Supplement</marc:subfield>
      <marc:subfield code="t">Einbandgestaltung und Einbandgeschichte</marc:subfield>
      <marc:subfield code="d">Stuttgart : [Verlag nicht ermittelbar], 1952-1971</marc:subfield>
      <marc:subfield code="w">(DE-600)129855-0</marc:subfield>
      <marc:subfield code="w">(DE-101)010742522</marc:subfield>
    </marc:datafield>
    <marc:datafield tag="770" ind1="0" ind2="8">
      <marc:subfield code="i">Supplement</marc:subfield>
      <marc:subfield code="t">Großbuchbinderei und buchbinderische Papierverarbeitung</marc:subfield>
      <marc:subfield code="d">Stuttgart : [Verlag nicht ermittelbar], 1967-1969</marc:subfield>
      <marc:subfield code="w">(DE-600)129856-2</marc:subfield>
      <marc:subfield code="w">(DE-101)010742530</marc:subfield>
    </marc:datafield>
    <marc:datafield tag="770" ind1="0" ind2="8">
      <marc:subfield code="i">Supplement</marc:subfield>
      <marc:subfield code="t">&#152;Das&#156; Falzbein</marc:subfield>
      <marc:subfield code="d">Stuttgart : [Verlag nicht ermittelbar], 1948-1966</marc:subfield>
      <marc:subfield code="w">(DE-600)129858-6</marc:subfield>
      <marc:subfield code="w">(DE-101)010742557</marc:subfield>
    </marc:datafield>
    <marc:datafield tag="770" ind1="0" ind2="8">
      <marc:subfield code="i">Supplement</marc:subfield>
      <marc:subfield code="t">Neues aus Papier- und Schreibwarenhandel</marc:subfield>
      <marc:subfield code="d">Stuttgart : [Verlag nicht ermittelbar], 1906-1914</marc:subfield>
      <marc:subfield code="w">(DE-600)330130-8</marc:subfield>
      <marc:subfield code="w">(DE-101)01194272X</marc:subfield>
    </marc:datafield>
    <marc:datafield tag="770" ind1="0" ind2="8">
      <marc:subfield code="i">Supplement</marc:subfield>
      <marc:subfield code="t">Illustrations-Sonderdrucke aus "Allgemeiner Anzeiger für Buchbindereien"</marc:subfield>
      <marc:subfield code="d">Stuttgart : Allgemeiner Anzeiger f. Buchbindereien, 1914-</marc:subfield>
      <marc:subfield code="w">(DE-600)2348653-3</marc:subfield>
      <marc:subfield code="w">(DE-101)587280638</marc:subfield>
    </marc:datafield>
    <marc:datafield tag="785" ind1="0" ind2="8">
      <marc:subfield code="i">1.1937 - 8.1944,9</marc:subfield>
      <marc:subfield code="t">&#152;Das&#156; deutsche Buchbinderhandwerk</marc:subfield>
      <marc:subfield code="d">Stuttgart : Hettler, 1937-1944</marc:subfield>
      <marc:subfield code="x">2748-2200</marc:subfield>
      <marc:subfield code="w">(DE-600)129845-8</marc:subfield>
      <marc:subfield code="w">(DE-101)010742425</marc:subfield>
    </marc:datafield>
    <marc:datafield tag="785" ind1="0" ind2="8">
      <marc:subfield code="i">8.1944,10 - 9.1945,3</marc:subfield>
      <marc:subfield code="t">Nachrichtenblatt für das deutsche Buchbinderhandwerk</marc:subfield>
      <marc:subfield code="d">Stuttgart : Hettler, 1944-1945</marc:subfield>
      <marc:subfield code="x">2748-2219</marc:subfield>
      <marc:subfield code="w">(DE-600)129846-X</marc:subfield>
      <marc:subfield code="w">(DE-101)010742433</marc:subfield>
    </marc:datafield>
    <marc:datafield tag="785" ind1="0" ind2="0">
      <marc:subfield code="i">Forts.:</marc:subfield>
      <marc:subfield code="t">Bindereport</marc:subfield>
      <marc:subfield code="d">Bielefeld : Media &amp; Service Büro B. Lochmüller, 1977-</marc:subfield>
      <marc:subfield code="x">0342-3573</marc:subfield>
      <marc:subfield code="w">(DE-600)6248-0</marc:subfield>
      <marc:subfield code="w">(DE-101)010084061</marc:subfield>
    </marc:datafield>
    <marc:datafield tag="850" ind1=" " ind2=" ">
      <marc:subfield code="a">DE-101a</marc:subfield>
      <marc:subfield code="a">DE-101b</marc:subfield>
    </marc:datafield>
  </marc:record>
</marc:collection>
